000 00864nam a2200253Ia 4500
003 OSt
005 20220926020448.0
006 a|||||r|||| 00| 0
007 ta
008 220923b |||||||| |||| 00| 0 eng d
020 _a978138480957
_c11110.15
037 _b031, 13/12/2019, CLASSIC BOOKS SERVICES
_cGeneral Book
040 _aRTL
_cRTL
_beng
041 _2eng
_aeng
082 _aX:54.4, Q9
100 _aMUKHERJEE Deeparghya
_9324557
245 0 _aEconomic integration in Asia
_b Key prospects and challenges with the regional comprehensive economic partnership
260 _aNew York
_bRoutledge
_c2019
300 _axvi,204p
_ccm.
500 _aBibliography chapterwise
650 _aEconomics
942 _hX:54.4, Q9
_cGB
_2CC
999 _c634339
_d634339